| 000 | 00711nam a2200205Ia 4500 | ||
|---|---|---|---|
| 005 | 20260121110215.0 | ||
| 008 | 008 260114s9999 xx 000 0 hin d | ||
| 020 | _a9788132301646 | ||
| 037 | _aEBOOK | ||
| 040 |
_aCRL _bhin _cCRL |
||
| 041 |
_ahin _2hin |
||
| 084 | _qCRL | ||
| 100 |
_aराजीव रंजन / Rajeev Ranjan _9943354 |
||
| 245 | 0 | _aशिक्षा के मनोवैज्ञानिक परिप्रेक्ष्य / Shiksha ke manovaigyanik pariprekshya | |
| 260 |
_bभाषा प्रकाशन / Bhasha Prakashan _c2020 |
||
| 856 | _uhttps://bhashaprakashan.com/product-details/377830 | ||
| 942 | _cEBOOK | ||
| 999 |
_c1535019 _d1535019 |
||